Tribhuvan University Central Library

किरात रदु रिदुम्-हदुम्ः (Record no. 89129)

MARC details
000 -LEADER
fixed length control field 00819nam a22002177a 4500
008 - FIXED-LENGTH DATA ELEMENTS--GENERAL INFORMATION
fixed length control field 191229b xxu||||| |||| 00| 0 eng d
020 ## - INTERNATIONAL STANDARD BOOK NUMBER
International Standard Book Number 9789937027977
041 ## - LANGUAGE CODE
Language code of text/sound track or separate title Nep.
082 ## - DEWEY DECIMAL CLASSIFICATION NUMBER
Classification number N305.8/N111k
241 ## - ROMANIZED TITLE (BK AM CF MP MU VM)
Romanized title Kirat nachiring paramparagat bidhi-bidhan
245 ## - TITLE STATEMENT
Title किरात रदु रिदुम्-हदुम्ः
Remainder of title किरात नाछिरिङ परम्परागत विधि-विधान
260 ## - PUBLICATION, DISTRIBUTION, ETC.
Place of publication, distribution, etc. Lalitpur:
Name of publisher, distributor, etc. Aadibasi Janajati Utthan Rastriya Pratisthan,
Date of publication, distribution, etc. 2074B.S.
300 ## - PHYSICAL DESCRIPTION
Extent viii,80p.
650 ## - SUBJECT ADDED ENTRY--TOPICAL TERM
Topical term or geographic name entry element Ethnic groups
650 ## - SUBJECT ADDED ENTRY--TOPICAL TERM
Topical term or geographic name entry element Cultural anthropology
9 (RLIN) 22773
700 ## - ADDED ENTRY--PERSONAL NAME
Personal name Nachiring, Bishnu Bhakta, comp.
700 ## - ADDED ENTRY--PERSONAL NAME
Personal name Nachiring, Dhan Bahadur, comp.
700 ## - ADDED ENTRY--PERSONAL NAME
Personal name Nachiring, Badal Singh, comp.
700 ## - ADDED ENTRY--PERSONAL NAME
Personal name Nachiring, Hari Kumar, comp.
942 ## - ADDED ENTRY ELEMENTS (KOHA)
Source of classification or shelving scheme Dewey Decimal Classification
Koha item type ISBN
Holdings
Withdrawn status Lost status Source of classification or shelving scheme Damaged status Not for loan Home library Current library Date acquired Total Checkouts Full call number Barcode Date last seen Price effective from Koha item type
    Dewey Decimal Classification     Tribhuvan University Central Library Tribhuvan University Central Library 12/29/2019   N305.8/N111k IS13423 12/29/2019 12/29/2019 ISBN
    Dewey Decimal Classification     Tribhuvan University Central Library Tribhuvan University Central Library 12/29/2019   N305.8/N111k IS13495 12/29/2019 12/29/2019 ISBN
    Dewey Decimal Classification     Tribhuvan University Central Library Tribhuvan University Central Library 12/29/2019   N305.8/N111k IS13425 12/29/2019 12/29/2019 ISBN